| 000 | 00319nam a2200109Ia 4500 | ||
|---|---|---|---|
| 008 | 180219s9999 xx 000 0 und d | ||
| 020 | _a9710324322 | ||
| 100 | _aEnriquez, Salud R. | ||
| 245 |
_aEnglish-tagalog visayan-hongo-cebuanao : _bVocabulary |
||
| 260 |
_aQuezon City : _bAmos books inc _c2005 |
||
| 300 | _a248 pages | ||
| 999 |
_c355974 _d355974 |
||